000 00713nam a2200289Ia 4500
005 20260324134835.0
008 008 260324s9999 xx 000 0 eng d
020 _a9780203187722
037 _aEBOOK
040 _aCRL
040 _beng
040 _cCRL
041 _2eng
041 _aeng
084 _qCRL
100 _aAviel Roshwald
_91198366
245 0 _aEthnic Nationalism and the Fall of Empires
245 0 _bCentral Europe, the Middle East and Russia, 1914-23
260 _bTaylor and Francis
260 _c2001
365 _a
365 _b230
856 _uhttp://www.taylorfrancis.com/books/9780203187722
942 _cEBOOK
999 _c1798827
_d1798827